000 00412nam a2200181Ia 4500
001 14693
005 20260306164933.0
008 260306t1998||||xx |||||||||||||| ||spa||
041 _aESP
082 _a515.63
_bB81 V. 2
100 _aBradley, Gerald L.
_eAUT
245 0 _aCálculo:
_bde varias variables
260 _c1998
300 _a
_c
650 _aGEN
654 _aCMA
942 _cLIB
_dJUS
_fJUS
_2ddc
_n
999 _c14693
_d14693